| 000 | 00343nam a2200133Ia 4500 | ||
|---|---|---|---|
| 008 | 240624s9999 xx 000 0 und d | ||
| 041 | _aeng | ||
| 082 | _a823 CHE | ||
| 100 | _aRICHARD TIMOTHY | ||
| 245 | _aMONKEY KING S AMAZING ADVENTURES A JOURN | ||
| 260 |
_c2012 _aEnlightenment _bTuttle Publishing |
||
| 300 | _a256 , p. | ||
| 365 |
_c _b25 |
||
| 999 |
_c30162 _d30162 |
||